Profile of a metropolis: a case book (Record no. 374578)

000 -LEADER
fixed length control field 00428cam a22001337a 4500
008 - FIXED-LENGTH DATA ELEMENTS--GENERAL INFORMATION
fixed length control field 180718b1962 xxu||||| |||| 00| 0 eng d
082 ## - DEWEY DECIMAL CLASSIFICATION NUMBER
Classification number B835x77434 M871
100 ## - MAIN ENTRY--PERSONAL NAME
Personal name Mowitz, Robert J.
245 ## - TITLE STATEMENT
Title Profile of a metropolis: a case book
Statement of responsibility, etc. by Robert J. Mowitz and Deil S. Wright
260 ## - PUBLICATION, DISTRIBUTION, ETC.
Place of publication, distribution, etc. Detroit
Name of publisher, distributor, etc. Wayne State Univ. Press
Date of publication, distribution, etc. 1962
300 ## - PHYSICAL DESCRIPTION
Extent 678p.
650 ## - SUBJECT ADDED ENTRY--TOPICAL TERM
Topical term or geographic name entry element Detroit Metropolitan Area (Mich.).
700 ## - ADDED ENTRY--PERSONAL NAME
Personal name Wright, Deil S.
Holdings
Withdrawn status Lost status Damaged status Not for loan Permanent Location Current Location Date acquired Full call number Barcode Date last seen Price effective from Koha item type
        Indian Institute of Public Administration Indian Institute of Public Administration 1994-06-28 B835x77434 M871 32729 2018-07-21 2018-07-21 Book

Powered by Koha